| 000 | 01119nam a2200265Ia 4500 | ||
|---|---|---|---|
| 003 | OSt | ||
| 005 | 20220923211013.0 | ||
| 006 | a|||||r|||| 00| 0 | ||
| 007 | ta | ||
| 008 | 220922b |||||||| |||| 00| 0 hin d | ||
| 020 |
_a8170552680 (hbk) _c190 |
||
| 024 | _a241,247 | ||
| 037 |
_b481, 26/02/2010, Vani Prakashan _cTextual |
||
| 040 |
_aARTS _cARTS _bhin |
||
| 041 |
_2hin _ahin |
||
| 082 | _aO152,2:g(NT), N3 | ||
| 100 |
_aजैन, नेमिचन्द्र _9157054 |
||
| 245 | 0 |
_aदृश्य अदृश्य _b संस्कृति और रंगमंच के ज्वलन्त प्रश्नों की पड़ताल |
|
| 246 | _aDṛushya adṛushya: sanskṛuti aur rangahincha ke jvalanta prashnoan kī paड़tāla | ||
| 260 |
_aनयी दिल्ली _b वाणी प्रकाशन _c1993 |
||
| 300 |
_a263पृ. _ccm. |
||
| 650 |
_aहिन्दी साहित्य _9156264 |
||
| 942 |
_hO152,2:g(NT), N3 _cTEXL _2CC |
||
| 999 |
_c293787 _d293787 |
||